Trouve les paroles de Alright de Jain - Statistiques

Statistiques générales
  • Ce quiz a été pris 6 fois
  • Le résultat moyen est 289 sur 382
Statistiques - réponses
Hint Réponse % Correct
. | .. alright
100%
. | .. be
100%
. | .. gonna
100%
. gonnna
100%
. | .. I
100%
. | .. just
100%
. | .. fine
83%
. | .. is
83%
. | .. love
83%
. the
83%
. The
83%
. | .. Things
83%
. | .. things
83%
. | .. to
83%
. | .. you
83%
. | .. around
67%
. for
67%
. | .. If
67%
. | .. it
67%
.. know
67%
. life
67%
. over
67%
. | .. that
67%
. think
67%
. we
67%
. am
50%
. do
50%
. give
50%
. | .. got
50%
.. Life's
50%
. life's
50%
. made
50%
. me
50%
. Stir
50%
. stir
50%
. tonight
50%
. up
50%
. us
50%
.. won't
50%
. Yeah
50%
. and
33%
. | .. at
33%
. better
33%
. But
33%
. crying
33%
. Darling
33%
.. dreams
33%
. fire
33%
. fist
33%
. Furiosity
33%
.. have
33%
. higher
33%
.. I'm
33%
.. in
33%
. into
33%
. keep
33%
. | .. look
33%
. make
33%
. move
33%
. | .. my
33%
. no
33%
.. not
33%
. of
33%
. On
33%
. on
33%
. really
33%
. short
33%
. stronger
33%
. sun
33%
.. tears
33%
. time
33%
. voice
33%
. want
33%
. angry
17%
. another
17%
.. boardl
17%
.. boy
17%
. could
17%
. dawn
17%
. down
17%
. rising
17%
. runs
17%
. Show
17%
. sing
17%
. some
17%
. Than
17%
. tight
17%
.. way
17%
. with
17%
Aucun quiz correspondant
Distribution des résultats
% des personnes avec chaque résultat
Percentile par nombre de réponses
Votre historique - résultats
Vous n’avez pas pris ce quiz